| 000 | 00424nam a2200157 a 4500 | ||
|---|---|---|---|
| 005 | 20140310183323.0 | ||
| 008 | 060309s19uu xx 00 eng d | ||
| 020 | _a0440209862 | ||
| 050 |
_aPS 3562 _b.L626 1998 |
||
| 100 | _aLescroart, John T. | ||
| 245 |
_aThe vig / _ca novel by John T. Lescroart. |
||
| 260 |
_aNew York : _bDell Publishing, _c1998. |
||
| 300 |
_a376 p. : _c17 cm. |
||
| 942 |
_cBK _2lcc |
||
| 999 |
_c21453 _d21453 |
||